书目信息 |
| 题名: |
风起大屏
|
|
| 作者: | 马涛 , 黄升民 著 | |
| 分册: | ||
| 出版信息: | 北京 机械工业出版社 2021 |
|
| 页数: | 17, 317页 | |
| 开本: | 23cm | |
| 丛书名: | ||
| 单 册: | ||
| 中图分类: | F764.6 | |
| 科图分类: | ||
| 主题词: | 电子设备--dian zi she bei--市场营销 | |
| 电子资源: | ||
| ISBN: | 978-7-111-68913-3 | |
| 000 | 01409nam0 2200289 450 | |
| 001 | 011025150614 | |
| 005 | 20221025150614.0 | |
| 010 | @a978-7-111-68913-3@dCNY99.00 | |
| 100 | @a20201004d2021 em y0chiy50 ea | |
| 101 | 0 | @achi |
| 102 | @aCN@b110000 | |
| 105 | @aa z 000yy | |
| 106 | @ar | |
| 200 | 1 | @a风起大屏@Afeng qi da ping@e智能大屏营销新趋势@f马涛, 黄升民著 |
| 210 | @a北京@c机械工业出版社@d2021 | |
| 215 | @a17, 317页@c图@d23cm | |
| 314 | @a马涛,女,中国传媒大学研究生导师,CAAC智能大屏营销研究院秘书长,《媒介》杂志总经理博士,担任智能大屏营销研究院秘书长一职以来,与研究团队共同探究智能大屏行业,走访产业机构,先后发布《燃爆大屏》《屏峰之巅》等《媒介》杂志封面系列文章。 | |
| 314 | @a黄升民,男,中国传媒大学资深教授、博士生导师,中国广告博物馆馆长,CAAC智能大屏营销研究院院长,《媒介》杂志总编辑。中国传媒大学广告学院创院院长中国传媒产业和广告领域的著名专家学者。 | |
| 330 | @a本书聚焦中国智能大屏营销发展的新态势和新动向,通过对智能大屏产业角色的营销布局解析,以及与海外智能大屏营销市场的比较研究,让读者能够认识到智能大屏的价值空间,见证其商业变现的最新进程。 | |
| 517 | 1 | @a智能大屏营销新趋势@Azhi neng da ping ying xiao xin qu shi |
| 606 | 0 | @a电子设备@Adian zi she bei@x市场营销 |
| 690 | @aF764.6@v5 | |
| 696 | @aF764.6@v5 | |
| 701 | 0 | @a马涛@Ama tao@4著 |
| 701 | 0 | @a黄升民@Ahuang sheng min@4著 |
| 801 | 0 | @aCN@c20221025 |
| 905 | @a河南城建学院图书馆@dF764.6@eM177 | |
| 风起大屏:智能大屏营销新趋势/马涛, 黄升民著.-北京:机械工业出版社,2021 |
| 17, 317页:图;23cm |
| ISBN 978-7-111-68913-3:CNY99.00 |
| 本书聚焦中国智能大屏营销发展的新态势和新动向,通过对智能大屏产业角色的营销布局解析,以及与海外智能大屏营销市场的比较研究,让读者能够认识到智能大屏的价值空间,见证其商业变现的最新进程。 |
| ● |
| 相关链接 |
|
|
|
正题名:风起大屏
索取号:F764.6/M177
 
预约/预借
| 序号 | 登录号 | 条形码 | 馆藏地/架位号 | 状态 | 备注 |
| 1 | 1584757 | 215847573 | 社科库409/409社科库 49排1列3层/ [索取号:F764.6/M177] | 在馆 |